<?xml version="1.0" encoding="UTF-8"?>
<collection xmlns="http://www.loc.gov/MARC21/slim">
  <record>
    <leader>00000nam  2200000   4500</leader>
    <controlfield tag="001">INLIS000000000015909</controlfield>
    <controlfield tag="005">20230929115839</controlfield>
    <datafield tag="035" ind1="#" ind2="#">
      <subfield code="a">0010-0923000150</subfield>
    </datafield>
    <controlfield tag="007">ta</controlfield>
    <controlfield tag="008">230929################|##########|#|##</controlfield>
    <datafield tag="084" ind1="#" ind2="#">
      <subfield code="a">R 156 PIM I 2022</subfield>
    </datafield>
    <datafield tag="100" ind1=" " ind2="#">
      <subfield code="a">Setya Nugraha</subfield>
    </datafield>
    <datafield tag="245" ind1="1" ind2="#">
      <subfield code="a">Orkestrasi Pengawasan Aparat Pengawasan Intern Pemerintah (APIP) Melalui Kebijakan Nasional Pengawasan Intern /</subfield>
      <subfield code="c">Setya Nugraha</subfield>
    </datafield>
    <datafield tag="250" ind1="#" ind2="#">
      <subfield code="a">1</subfield>
    </datafield>
    <datafield tag="260" ind1="#" ind2="#">
      <subfield code="a">Jakarta :</subfield>
      <subfield code="b">Pusbangkom Pimnas dan Manajerial ASN,</subfield>
      <subfield code="c">2022</subfield>
    </datafield>
    <datafield tag="300" ind1="#" ind2="#">
      <subfield code="a">46 halaman :</subfield>
      <subfield code="b">ilus ;</subfield>
      <subfield code="c">30 cm</subfield>
    </datafield>
    <datafield tag="650" ind1="#" ind2="4">
      <subfield code="a">Pengawasan Intern</subfield>
    </datafield>
    <datafield tag="520" ind1="#" ind2="#">
      <subfield code="a">Aparat Pengawasan Intern Pemerintah (APIP) adalah lembaga pengawasan internal yang bertugas memastikan bahwa visi, misi dan tujuan pimpinan Kementerian/Lembaga/Pemerintah Daerah dapat tercapai secara efisien dan efektif. Justifikasi strategis proyek perbuahan ini adalah mengolaborasikan pengawasan APIP selama ini yang berjalan sendiri-sendiri atau bersifat silo. Melalui proyek proper ini, agenda Presiden yang tertuang dalam RPJMN yang bersifat lintas sektoral dan lintas K/L/D harus diawasi oleh PIP secara kolaboratif. Orkestrasi pengawasan APIP sangat diperlukan agar Presiden memperoleh informasi hasil pengawasan atas program pemerintah lintas sektoral tersebut secara komprehensif dan holistic.</subfield>
    </datafield>
    <datafield tag="856" ind1="#" ind2="#">
      <subfield code="a">Perpustakaan LAN Pusat</subfield>
    </datafield>
    <datafield tag="990" ind1="#" ind2="#">
      <subfield code="a">156</subfield>
    </datafield>
  </record>
</collection>
